| Tag |
First Indicator |
Second Indicator |
Subfields |
| LEADER |
00000cam a22000001 4500 |
| 001 |
in00000013331 |
| 005 |
20151007052401.0 |
| 008 |
820312s1929 nyuah b 00010 eng |
| 010 |
|
|
|a 29024889
|
| 035 |
|
|
|a (OCoLC)01108921
|
| 035 |
|
|
|9 AAA7545AM
|
| 040 |
|
|
|a DLC
|c DLC
|d m/c
|d TXA
|d UtOrBLW
|
| 049 |
|
|
|a TXAS [bibl]
|
| 050 |
0 |
0 |
|a Z151
|b .R21
|
| 100 |
1 |
|
|a Ransom, Will,
|d 1878-1955.
|
| 245 |
1 |
0 |
|a Private presses and their books /
|c by Will Ransom.
|
| 264 |
|
1 |
|a New York :
|b R.R. Bowker company,
|c 1929.
|
| 300 |
|
|
|a 493 pages, 1 unnumbered page :
|b illustrations (including facsimiles) ;
|c 24 cm.
|
| 336 |
|
|
|a text
|b txt
|2 rdacontent
|
| 337 |
|
|
|a unmediated
|b n
|2 rdamedia
|
| 338 |
|
|
|a volume
|b nc
|2 rdacarrier
|
| 500 |
|
|
|a "Printed in a limited edition of twelve hundred copies for America and England."--Title page verso.
|
| 500 |
|
|
|a A history of the private press movement in England and America with detailed check-lists of the publications, arranged chronologically under the name of the press, with index to presses, books, and individuals recorded.
|
| 650 |
|
0 |
|a Private presses
|x History.
|
| 650 |
|
0 |
|a Privately printed books
|v Bibliography.
|
| 999 |
|
|
|a MARS
|
| 999 |
f |
f |
|s af878ea1-0d9a-3f56-8109-3d7c68ad1f2f
|i 4bd41f8e-10fa-3a31-826c-a3d7602074a5
|t 0
|
| 952 |
f |
f |
|p noncirc
|a Texas A&M University
|b College Station
|c Cushing Memorial Library & Archives
|d Cushing: Reference (Does not check out)
|t 0
|e Z151 .R21
|h Library of Congress classification
|i unmediated -- volume
|
| 998 |
f |
f |
|a Z151 .R21
|t 0
|l Cushing: Reference (Does not check out)
|